000 00554nam a2200169Ia 4500
005 20260429112101.0
008 260429s9999||||xx |||||||||||||| ||und||
020 _a9788126911325
041 _aHindi
082 _a302.23
_bSAC
100 _aसचदेवा, श्रीचना
245 0 _aसंचार मध्यम :
_bतब और अब /
_cश्रीचना सचदेवा
260 _aनई दिल्ली :
_bअटलांटिक,
_c2025.
300 _axvi, 252 p.; Hb
650 _aMedia Studies
942 _cTB
999 _c52263
_d52263